000 00309nam a22001337a 4500
008 170629b xxu||||| |||| 00| 0 eng d
020 _a9780321291509
041 _aeng
080 _24TH
_a811
100 _a22
101 _aGJL
245 _aTHE ALLYN & BACON GUIDE TO WRITING
_cRAMAGE,J.D
942 _2udc
_cBK
999 _c19503
_d19503